00374nam a2200121Ia 450000500170000000800410001708200190005810000160007724500490009326000410014230000120018350000570019520250310063916.0240331s9999 xx 000 0 und d bRAG26108a973 aRaghavan, P 0aDollar Dhesam:bAmericavin Arasiyal Varalaru aChennai,bKizhakku Pathippagamc2004 a864 p., aA political history of the United States of America.